000 00739nam a2200229 a 4500
001 000030628
005 20200930062422.0
008 110525s2011 dr 001 f spa d
020 _a9789945455618
040 _aDO-SdBNP
_bspa
_cBNPHU
082 _aPR863.5
_bC828a
100 1 _aCortés Vélez, Dinorah,
_d1971-
_928410
245 1 3 _aEl arca de la memoria :
_buna biomitografía /
_cDinorah Cortés Vélez.
260 _aSan Juan;
_aSanto Domingo :
_bIsla Negra,
_c2011.
300 _a227 p. ;
_c22 cm.
490 1 _aLa montaña de papel
650 4 _aNovela puertorriqueña
_91185
650 4 _aLiteratura puertorriqueña
_9250
830 0 _aLa montaña de papel
_91186
910 _aValidado. Control de calidad EMS.
049 _aBNPD
999 _c30120
_d30120